Skúmame s Pipi pracovná učebnica B pre prvý cyklus vzdelávacej oblasti Človek a príroda overená pre 1. ročník ZŠ : Ako sa správajú magnety? Nie je pôda ako pôda. Skúmame svetlo, tiene a tmu

Bibliographic Details
Main Author: Žoldošová, Kristína, 1975- (Author)
Other Authors: Šenšel, Radovan, 1984- (Illustrator), Borovská, Lucia (Editor)
Format: Book
Language:Slovak
PhysicalDescription:32 strán fotografie, ilustrácie 30 cm
Published: Bratislava Indícia, s.r.o. 2024
ISBN:9788082760432
Edition:1. vydanie
Subjects:

MARC

LEADER 00000cam a2200000 4500
001 vtls012275492
003 SK-MaSNL
005 20260527134236.0
008 250422s2024 xo oa b p 000 0 slo
015 |a SNBA2026/05 
020 |a 9788082760432  |q (brožované) 
040 |a SNK  |b slo  |c SNK  |e rda 
041 0 |a slo 
044 |a xo  |c SK 
072 7 |a 57/59  |x Biologické vedy  |2 konspekt 
072 7 |a 37.016  |x Učebné osnovy. Vyučovacie predmety. Učebnice  |2 konspekt 
080 |a 57.081.1  |2 2011 
080 |a (075.2)  |2 2011 
080 |a (076.1)  |2 2011 
100 1 |a Žoldošová, Kristína,  |d 1975-  |4 aut  |9 231265 
245 1 0 |a Skúmame s Pipi  |b pracovná učebnica B pre prvý cyklus vzdelávacej oblasti Človek a príroda overená pre 1. ročník ZŠ : Ako sa správajú magnety? Nie je pôda ako pôda. Skúmame svetlo, tiene a tmu  |c Kristína Žoldošová ; ilustrácie: Radovan Šenšel 
246 1 |i Obálkový podnázov: 
250 |a 1. vydanie 
264 1 |a Bratislava  |b Indícia, s.r.o.  |c 2024 
264 4 |c ©2024 
300 |a 32 strán  |b fotografie, ilustrácie  |c 30 cm 
336 |a text  |b txt  |2 rdacontent 
337 |a bez média  |b n  |2 rdamedia 
338 |a zväzok  |b nc  |2 rdacarrier 
650 0 7 |a prírodoveda  |2 SNKPH  |9 3960 
650 0 7 |a Natural history  |2 SNKPHeng  |9 278510 
655 7 |a učebnice základných škôl  |2 SNKPH  |9 70187 
655 7 |a pracovné zošity  |2 SNKPH  |9 70188 
655 7 |a Textbooks (elementary)  |2 SNKPHeng  |9 276977 
655 7 |a Activity books  |2 SNKPHeng  |9 302885 
700 1 |a Šenšel, Radovan,  |d 1984-  |4 ill  |9 372506 
700 1 |a Borovská, Lucia  |4 edt  |9 124712 
700 1 |a Chupáčová, Veronika  |4 bkd  |9 1639542 
700 1 |a Čulíková, Michaela  |4 bkd  |9 1639568 
787 0 8 |i Zo série:  |t ExpEdícia skús, skúmaj, spoznaj 
852 |a Slovenská národná knižnica 
919 |a 978-80-8276-043-2 
954 |a odborná, vedecká literatúra pôvodná (slovenská)  |2 lita 
958 |a NB 
999 |c 702540  |d 704470 
952 |a SNK  |b SNK  |y NEVYP  |7 1  |p 17A1562116  |o snkOSB 21727  |i snk2025/6752  |8 0  |0 0  |1 0  |4 0  |d 2025-04-22  |l 0  |r 2026-02-23 21:03:41  |w 2026-02-23 
952 |a SNK  |b SNK  |y PREZ  |7 0  |p 17A1562430  |o snkOSB 21727 D1  |i snk2025/6753  |8 0  |0 0  |1 0  |4 0  |d 2025-04-22  |l 0  |r 2026-02-23 21:03:41  |w 2026-02-23